000 01843nam a2200529 i 4500
001 40361
003 KOSZ 005
005 20220401140937.0
008 011123s2001 pl a f |000 0 pol
015 _aUWD 2001/19239
020 _a8301133732
035 _a991017258169705066
035 _a(PL-WaBN)b14661536-48omnis_nlop
035 _ab14661536
035 _a(OCoLC)749486022
035 _azz2004902218
035 _a(PL)b0000001466153
035 _a(EXLNZ-48OMNIS_NETWORK)9910520570605606
040 _aWA N
_cWA N
_dKOSZ 005/HR
041 1 _apol
_heng
046 _k1996
080 _a547
080 _a(07)
100 1 _aMcMurry, Susan
_eAutor
245 1 0 _aChemia organiczna :
_brozwiązania problemów /
_cSusan McMurry ; z ang. tł. W. Boczoń, H. Koroniak, J. Milecki.
246 1 _iTyt. oryg.:
_aStudy guide and solutions manual for McMurry's Organic chemistry,
_f1996
260 _aWarszawa :
_bWydawnictwo Naukowe PWN,
_c2001.
300 _aVIII, 671, [1] s. :
_bil. ;
_c24 cm.
336 _aTekst
_btxt
_2rdacontent
337 _aBez urządzenia pośredniczącego
_bn
_2rdamedia
338 _aWolumin
_bnc
_2rdacarrier
380 _aKsiążki
388 _a1901-2000
388 _a1989-2000
388 _a2001-
500 _a Stanowi integralną część podręcznika Johna McMurry'ego - Chemia organiczna.
650 7 _aChemia organiczna
_2DBN
655 7 _aPodręcznik
_2DBN
658 _aChemia
700 1 _aBoczoń, Władysław
_eTłumaczenie
700 1 _aKoroniak, Henryk
_d(1949- )
_eTłumaczenie
700 1 _aMilecki, Jan
_eTłumaczenie
710 2 _aWydawnictwo Naukowe PWN
_4pbl
856 _uhttp://koha.tu.koszalin.pl/cgi-bin/koha/opac-detail.pl?biblionumber=40391
_yKatalog online BPK
942 _2UKD
_cKS
999 _c40391
_d40391